000 00263nam a22001097a 4500
020 _a0716101165
100 _aConnor.J
245 _aReplacement investment
260 _aBritain
_bGower press limited
_c1972
300 _axi,83p
_bill;tables,graphs,25cm
942 _cBK
999 _c18546
_d18546